Instrumentos de dirección monetaria en Colombia / (Registro nro. 8214)
[ vista simple ]
| 000 -LEADER | |
|---|---|
| fixed length control field | 01038nam a2200229Ia 4500 |
| 003 - CONTROL NUMBER IDENTIFIER | |
| control field | OSt |
| 005 - DATE AND TIME OF LATEST TRANSACTION | |
| control field | 20210802095846.0 |
| 008 - FIXED-LENGTH DATA ELEMENTS--GENERAL INFORMATION | |
| fixed length control field | 210310s1981 ck gr 000 0 spa d |
| 040 ## - CATALOGING SOURCE | |
| Original cataloging agency | CO-JMCR |
| Transcribing agency | CO-JMCR |
| 041 0# - LANGUAGE CODE | |
| Language code of text/sound track or separate title | spa |
| 082 04 - DEWEY DECIMAL CLASSIFICATION NUMBER | |
| Classification number | 332.49861 / |
| Item number | A475i |
| Edition number | 23 |
| 100 1# - MAIN ENTRY--PERSONAL NAME | |
| Personal name | Alviar Ramírez, Oscar, |
| 9 (RLIN) | 16647 |
| Relator term | autor |
| 245 10 - TITLE STATEMENT | |
| Title | Instrumentos de dirección monetaria en Colombia / |
| Statement of responsibility, etc. | Oscar Alviar |
| 250 ## - EDITION STATEMENT | |
| Edition statement | Séptima edición |
| 260 ## - PUBLICATION, DISTRIBUTION, ETC. | |
| Place of publication, distribution, etc. | Bogotá : |
| Name of publisher, distributor, etc. | Tercer Mundo, |
| Date of publication, distribution, etc. | 1981 |
| 300 ## - PHYSICAL DESCRIPTION | |
| Extent | 258 páginas ; |
| Dimensions | 28 cm. |
| 490 0# - SERIES STATEMENT | |
| Series statement | Colección manuales universitarios |
| 505 0# - FORMATTED CONTENTS NOTE | |
| Formatted contents note | Establecimiento en Colombia del banco emisor y su evolución -- Objetivos actuales de una política monetaria -- Instrumentos de la actual política monetaria y crediticia -- Composición de la junta monetaria y reformas propuestas -- Bancos comerciales y cajas de ahorro en los mercados de dinero corto, mediano y largo plazo |
| 650 14 - SUBJECT ADDED ENTRY--TOPICAL TERM | |
| Topical term or geographic name entry element | Banco de la República |
| 9 (RLIN) | 16649 |
| General subdivision | Historia |
| Geographic subdivision | Colombia |
| 650 24 - SUBJECT ADDED ENTRY--TOPICAL TERM | |
| Topical term or geographic name entry element | Política monetaria |
| Geographic subdivision | Colombia |
| 9 (RLIN) | 6926 |
| 942 ## - ADDED ENTRY ELEMENTS (KOHA) | |
| Source of classification or shelving scheme | Dewey Decimal Classification |
| Koha item type | Books |
| Withdrawn status | Lost status | Source of classification or shelving scheme | Damaged status | Not for loan | Collection code | Home library | Current library | Date acquired | Source of acquisition | Full call number | Barcode | Date last seen | Copy number | Koha item type | Total Checkouts | Price effective from |
|---|---|---|---|---|---|---|---|---|---|---|---|---|---|---|---|---|
| Dewey Decimal Classification | Non-fiction | Biblioteca Pública José María del Castillo y Rada | Biblioteca Pública José María del Castillo y Rada | 04/15/2018 | Donación | 332.49861 / A475i | 430004095 | 05/16/2024 | Ej.1 | Books | ||||||
| Dewey Decimal Classification | Non-fiction | Biblioteca Pública José María del Castillo y Rada | Biblioteca Pública José María del Castillo y Rada | 04/15/2018 | Donación | 332.49861 / A475i | 430004126 | 05/16/2024 | Ej.2 | Books | 08/02/2021 |